| 000 -CABECERA |
| Longitud fija campo de control |
00675nam a2200181 a 4500 |
| 008 - CÓDIGOS DE INFORMACIÓN DE LONGITUD FIJA |
| Códigos de información de longitud fija |
130514s2006 spc 000 0 cat|d |
| 020 ## - NÚMERO INTERNACIONAL NORMALIZADO PARA LIBROS |
| Número Internacional Normalizado para Libros (ISBN) |
9788439370925 |
| 040 ## - FUENTE DE LA CATALOGACIÓN |
| Centro catalogador de origen |
ES-BaSLP |
| Lengua de catalogación |
cat |
| Centro transcriptor |
ES-BaSLP |
| 080 ## - NÚMERO DE LA CLASIFICACIÓN DECIMAL UNIVERSAL |
| Número de la Clasificación Decimal Universal |
070-05(467.1) |
| 245 00 - MENCIÓN DE TÍTULO |
| Título |
Llibre blanc de la professió periodística a Catalunya / |
| Mención de responsabilidad, etc. |
Col·legi de Periodistes de Catalunya |
| 260 ## - PUBLICACIÓN, DISTRIBUCIÓN, ETC. (PIE DE IMPRENTA) |
| Lugar de publicación, distribución, etc. |
[Barcelona] : |
| Nombre del editor, distribuidor, etc. |
Generalitat de Catalunya, Departament de la Presidència, |
| Fecha de publicación, distribución, etc. |
DL 2006 |
| 300 ## - DESCRIPCIÓN FÍSICA |
| Extensión |
194 p. : |
| Otras características físicas |
gràf.; |
| Dimensiones |
24 cm |
| 650 #4 - PUNTO DE ACCESO ADICIONAL DE MATERIA - TÉRMINO DE MATERIA |
| Término de materia o nombre geográfico como elemento inicial |
Periodistes |
| Subdivisión de materia general |
Condicions socials |
| Subdivisión geográfica |
Catalunya |
| 710 1# - PUNTO DE ACCESO ADICIONAL - NOMBRE DE ENTIDAD |
| Nombre de entidad o nombre de jurisdicción como elemento inicial |
Catalunya. |
| Unidad subordinada |
Departament de la Presidència |
| 710 2# - PUNTO DE ACCESO ADICIONAL - NOMBRE DE ENTIDAD |
| Nombre de entidad o nombre de jurisdicción como elemento inicial |
Col·legi de Periodistes de Catalunya |
| 909 ## - |
| -- |
gbicrj |
| 909 ## - |
| -- |
ybrcr |